[Event "Cologne Ford op 17th"]
[Site "Cologne"]
[Date "2011.04.18"]
[Round "2"]
[White "Aquilino, Pasquale"]
[Black "Pullem, Karl Heinz"]
[Result "0-1"]
[WhiteElo "1418"]
[BlackElo "1625"]
[PlyCount "100"]
[EventDate "2011.04.12"]
[EventType "swiss"]
[EventRounds "7"]
[EventCountry "GER"]
[SourceTitle "EXT 2012"]
[Source "ChessBase"]
[SourceDate "2011.11.24"]
[SourceVersion "1"]
[SourceVersionDate "2011.11.24"]
[SourceQuality "1"]

1. d4 d5 2. c4 c6 3. Nc3 Nf6 4. c5 b6 5. b4 e6 6. Nf3 a5 7. Ba3 axb4 8. Bxb4 Na6 9. a3 bxc5 10. dxc5 Bxc5 11. Bxc5 Nxc5 12. e3 Qa5 13. Rc1 Nce4 14. Qc2 0-0 15. Be2 Ba6 16. Bxa6 Rxa6 17. 0-0 c5 18. Nb1 Nd7 19. Rfd1 Rb8 20. Nfd2 Nxd2 21. Rxd2 Rab6 22. Rdd1 Rb2 23. Qc3 Qc7 24. g3 R8b3 25. Qe1 Ne5 26. Qf1 Nf3+ 27. Kg2 Ng5 28. Rd2 Ne4 29. Rxb2 Rxb2 30. Qa6 Rxf2+ 31. Kg1 h5 32. Nc3 Rf5 33. Nxe4 dxe4 34. Qa8+ Kh7 35. Qxe4 Kh6 36. Rc3 Qd7 37. Qc2 Qb5 38. Qc1 g5 39. e4 Re5 40. Rc4 f5 41. exf5 exf5 42. Kf2 Qe8 43. Qd2 Qe6 44. Rc3 c4 45. Kf1 Rd5 46. Qc1 Qd6 47. Qe3 Rd1+ 48. Ke2 Rh1 49. Qf2 Qd1+ 50. Ke3 Re1+ 0-1

[Event "Cologne Ford op"]
[Site "Cologne"]
[Date "2010.05.31"]
[Round "6"]
[White "Pullem, Karl Heinz"]
[Black "Matern, Gerhard"]
[Result "0-1"]
[WhiteElo "1553"]
[BlackElo "1920"]
[PlyCount "100"]
[EventDate "2010.04.19"]
[EventType "swiss"]
[EventRounds "7"]
[EventCountry "GER"]
[SourceTitle "EXT 2011"]
[Source "ChessBase"]
[SourceDate "2010.11.26"]
[SourceVersion "1"]
[SourceVersionDate "2010.11.26"]
[SourceQuality "1"]

1. Nf3 Nf6 2. d4 c5 3. d5 g6 4. Nc3 d6 5. e4 Bg7 6. Be2 0-0 7. 0-0 Na6 8. Bg5 h6 9. Bf4 Nc7 10. Qc1 Kh7 11. Bd3 b5 12. a4 b4 13. Nb5 Nce8 14. c3 a6 15. cxb4 axb5 16. bxc5 bxa4 17. cxd6 exd6 18. Qc6 Bd7 19. Qc4 Nh5 20. Bc1 Rc8 21. Qb4 Rb8 22. Qd2 Qb6 23. Bc2 Qb4 24. Qe2 Bb5 25. Bd3 Bxd3 26. Qxd3 Nc7 27. Qc2 Rfc8 28. Rxa4 Qb3 29. Rc4 Qxc2 30. Rxc2 Nb5 31. Rxc8 Rxc8 32. Be3 Nf6 33. Nd2 Nd7 34. Ra1 Bd4 35. Bxd4 Nxd4 36. f3 Ne5 37. Ra4 Ne2+ 38. Kf2 Nf4 39. g3 Nfd3+ 40. Ke3 Nxb2 41. Ra7 Rc3+ 42. Kf4 Nbc4 43. Rc7 Nd3+ 44. Kg4 Nce5+ 45. Kh3 Rxc7 46. f4 Nf2+ 47. Kg2 Neg4 48. h3 Rc2 49. hxg4 Rxd2 50. Kf3 Nd1 0-1

[Event "Nettetal Chessgate op"]
[Site "Nettetal"]
[Date "2004.08.13"]
[Round "7"]
[White "Pullem, Karl Heinz"]
[Black "Nottenkaemper, Franz Ludwig"]
[Result "1-0"]
[WhiteElo "1659"]
[BlackElo "1576"]
[PlyCount "63"]
[EventDate "2004.08.07"]
[EventType "swiss"]
[EventRounds "9"]
[EventCountry "GER"]
[SourceTitle "EXT 2006"]
[Source "ChessBase"]
[SourceDate "2005.11.24"]
[SourceVersion "1"]
[SourceVersionDate "2005.11.24"]
[SourceQuality "1"]

1. d4 e6 2. c4 Nf6 3. Nc3 Bb4 4. a3 Bxc3+ 5. bxc3 b6 6. Bg5 h6 7. Bh4 0-0 8. e4 d6 9. Qc2 Nbd7 10. Nf3 Bb7 11. Bd3 c5 12. e5 dxe5 13. dxe5 Bxf3 14. exf6 g5 15. gxf3 Qxf6 16. Bg3 Ne5 17. Bxe5 Qxe5+ 18. Be2 Rad8 19. h4 Rd7 20. hxg5 Qxg5 21. Qc1 Qg7 22. Kf1 Kh7 23. Qe3 Rg8 24. Bd3+ f5 25. Ke2 Rgd8 26. Rad1 Qf6 27. Rh3 Rg8 28. Bxf5+ exf5 29. Rxd7+ Rg7 30. Rxg7+ Qxg7 31. Qe6 Qf8 32. Rh5 1-0